Zé dos bichos (Registo nº 35229)

Detalhes MARC
000 -Etiqueta do registo
Valores 00781nam a2200253 4500
010 ## - Número ISBN
ISBN 9789722417730
021 ## - Número do Depósito Legal
Código do país Portugal
100 ## - Dados gerais de processamento
Dados gerais 20221018 frey50
101 0# - Língua de publicação
Língua Português
102 ## - País de publicação
País Portugal
200 1# - Titulo e menção de responsabilidade
Título próprio Zé dos bichos
Primeira menção de responsabilidade Luísa Ducla Soares
Outras menções de responsabilidade il. Danuta Wojciechowska
210 #9 - Publicação
Local de publicação [Lisboa]
Nome do editor Livros Horizonte,
Data de publicação 2014
215 ## - Descrição física 
Paginação / Volumes [26] p.
Outras indicações físicas il.
Dimensões 22 cm
675 ## - CDU
Notação 087.5
Edição BN
Língua por
675 ## - CDU
Notação 821.134.3-93"19/20"
Edição BN
Língua por
675 ## - CDU
Notação 821.134.3-34"19/20"
Edição BN
Língua por
700 #1 - Autor principal
Apelido Soares,
Nome Luísa Ducla,
Datas 1939-
ID Autoridade 2431
702 #1 - Autor secundário
Apelido Wojciechowska,
Nome Danuta,
Datas 1960-
Função Ilustrador
ID Autoridade 2379
801 #0 - Fonte de origem
País PT
Agência BN
Regras de catalogação RPC
856 41 - Localização e acesso electrónico 
URL <a href="http://rnod.bnportugal.gov.pt/ImagesBN/winlibimg.aspx?skey=&doc=1926061&img=74545&save=true">http://rnod.bnportugal.gov.pt/ImagesBN/winlibimg.aspx?skey=&doc=1926061&img=74545&save=true</a>
090 ## - Tipo de documento
Koha biblioitem number (autogenerated) 35229
990 ## - Elementos KOHA
Tipo de documento Livro
994 ## - Estado da catalogação
Situação Completo
Exemplares
Situação do levantamento Situação do extravio Biblioteca de origem Biblioteca de empréstimo Código de barras Cota Permissão de empréstimo Tipo de documento Forma de aquisição
  Completo Biblioteca da Escola Básica de Aguiar Biblioteca da Escola Básica de Aguiar 674 BA 087.5 SOA Disponível Livro  
  Completo Biblioteca do Centro Escolar de Viana do Alentejo Biblioteca do Centro Escolar de Viana do Alentejo 2046 BV 087.5 SOA Disponível Livro  
  Completo Biblioteca do Centro Escolar de Viana do Alentejo Biblioteca do Centro Escolar de Viana do Alentejo 2059 BV 087.5 SOA Disponível Livro  




Powered by Koha